[Event "Lombardia op"]
[Site "Lombardia"]
[Date "1990.??.??"]
[Round "?"]
[White "Schneiders, Albert"]
[Black "Contini, Luca"]
[Result "0-1"]
[WhiteElo "2230"]
[BlackElo "2325"]

1.d4 Nf6 2.c4 e6 3.Nf3 b6 4.a3 Bb7 5.Nc3 d5 6.cxd5 exd5 7.Bg5 Nbd7 8.e3 Be7
9.Be2 O-O 10.O-O c5 11.dxc5 bxc5 12.Rc1 Rc8 13.Bb5 Nb6 14.Qe2 h6 15.Bf4 Bd6
16.Bxd6 Qxd6 17.Rfd1 Qe7 18.Ba6 Rfd8 19.h3 Rd6 20.Bxb7 Qxb7 21.Qb5 a6 22.Qb3 Qd7
23.a4 d4 24.a5 dxc3 25.Rxd6 Qxd6 26.axb6 cxb2 27.Rd1 c4 28.b7 Rb8 29.Qc2 Qb6
30.Nd2 Qxb7 31.Qxc4 Rc8 32.Qd3 Rc1 33.Nb1 Qd5 34.Qxd5 Nxd5 35.Rf1 Nc3  0-1

[Event "Moscow2"]
[Site "Moscow"]
[Date "1990.??.??"]
[Round "?"]
[White "Priehoda, Vitezslav"]
[Black "Kiselev, Sergey"]
[Result "1-0"]
[WhiteElo "2415"]
[BlackElo "2450"]

1.d4 Nf6 2.c4 e6 3.Nf3 b6 4.a3 Ba6 5.Nbd2 Bb7 6.e3 Be7 7.Bd3 d5 8.O-O Nbd7
9.b4 c5 10.cxd5 exd5 11.bxc5 bxc5 12.dxc5 O-O 13.Nb3 Ne4 14.Bb2 Ndxc5 15.Nxc5 Nxc5
16.Bd4 Ne6 17.Bxh7+ Kh8 18.Bd3 Nxd4 19.Nxd4 g6 20.Rb1 Qc7 21.g3 Kg7 22.Bxg6 Kxg6
23.Qg4+  1-0

[Event "Moscow4"]
[Site "Moscow"]
[Date "1990.??.??"]
[Round "?"]
[White "Gavrilov, Alexei"]
[Black "Vadasz, Laszlo"]
[Result "0-1"]
[WhiteElo "2365"]
[BlackElo "2395"]

1.d4 Nf6 2.c4 e6 3.Nf3 b6 4.a3 Ba6 5.Qc2 c5 6.d5 exd5 7.cxd5 d6 8.Nc3 g6
9.g3 Bg7 10.Bg2 O-O 11.O-O Nbd7 12.h3 h6 13.Bf4 Qe7 14.a4 Nh5 15.Bd2 Ne5
16.Nxe5 Qxe5 17.Kh2 Rae8 18.Rad1 f5 19.f4 Qd4 20.Bf3 Nf6 21.Be1 Qe3 22.Bf2 Qe7
23.Rfe1 Bc8 24.e3 a6 25.b3 Ne4 26.Nxe4 fxe4 27.Be2 Bb7 28.Bg4 Bc8 29.Bxc8 Rxc8
30.Qc4 b5 31.axb5 axb5 32.Qxb5 Rb8 33.Qc4 Rb4 34.Qc2 Rfb8 35.Rb1 c4 36.g4 cxb3
37.Qc6 b2 38.Re2 R4b6 39.Qa4 Rc8 40.Rc2 Rxc2 41.Qxc2 Kh7 42.Qc4 Rb7 43.Kg2 Ra7
44.Qc2 Rc7 45.Qb3 Qf6 46.Qa3 Rc2 47.Kf1 Qc3  0-1

[Event "New York op"]
[Site "New York"]
[Date "1990.??.??"]
[Round "3"]
[White "Bonin, Jay R"]
[Black "Henley, Ron W"]
[Result "0-1"]
[WhiteElo "2385"]
[BlackElo "2490"]

1.d4 Nf6 2.c4 e6 3.Nf3 b6 4.a3 Bb7 5.Nc3 d5 6.cxd5 Nxd5 7.Bd2 Nd7 8.Qc2 c5
9.e4 N5f6 10.d5 exd5 11.exd5 Bd6 12.O-O-O O-O 13.Bb5 a6 14.Bxd7 Qxd7 15.Ng5 Rfe8
16.Rde1 h6 17.Nge4 Nxd5 18.Nxd5 Bxd5 19.Nxd6 Qxd6 20.Qd3 b5 21.Rxe8+ Rxe8
22.Re1 Rxe1+ 23.Bxe1 Qe5 24.Bc3 Qg5+ 25.Qe3 Qxg2 26.Qxc5 Qg5+ 27.Qe3 Qg1+
28.Kd2 Qxh2 29.Bxg7 Kxg7 30.Qd4+ Kg6 31.Qxd5 Qxf2+  0-1

[Event "Novi Sad ol (Men)"]
[Site "Novi Sad"]
[Date "1990.??.??"]
[Round "1"]
[White "Mateus, Manuel"]
[Black "Soppe, Guillermo"]
[Result "0-1"]
[WhiteElo "2250"]
[BlackElo "2390"]

1.d4 Nf6 2.c4 e6 3.Nf3 b6 4.a3 Bb7 5.Nc3 Ne4 6.Nxe4 Bxe4 7.e3 g6 8.h4 Bg7
9.Ng5 Bb7 10.Qg4 Nc6 11.Bd3 Qe7 12.Bd2 O-O-O 13.b4 f5 14.Qd1 e5 15.d5 e4
16.dxc6 dxc6 17.Be2 h6 18.Nh3 Rxd2 19.Qxd2 Bxa1 20.g3 g5 21.h5 Rd8 22.Qc2 c5
23.O-O Be5 24.f4 exf3 25.Bxf3 Bd6 26.Qxf5+ Kb8 27.Bxb7 Kxb7 28.Qf3+ Kb8 29.b5 Qe6
30.Qg2 g4  0-1

[Event "Novi Sad ol (Men)"]
[Site "Novi Sad"]
[Date "1990.??.??"]
[Round "6"]
[White "Skembris, Spyridon"]
[Black "Sula, Zegir"]
[Result "1/2-1/2"]
[WhiteElo "2455"]
[BlackElo "2365"]

1.d4 Nf6 2.c4 e6 3.Nf3 b6 4.a3 Ba6 5.b3 Bb7 6.e3 Be7 7.Bd3 O-O 8.O-O d5 9.Nbd2 Nbd7
10.Bb2 c5 11.Qe2 Ne4 12.Rfd1 Nxd2 13.Rxd2 cxd4 14.Bxd4 Nc5 15.Bxc5 bxc5 16.cxd5 exd5
17.e4 Bg5 18.Rdd1 d4 19.b4 Be7 20.Rab1 cxb4 21.axb4 Qb6 22.Ne5 Rad8 23.Nc4 Qe6
24.Rd2 Rb8 25.b5 Bc5 26.Na5 Bb6 27.Nxb7 Rxb7 28.Rc2 Rc7 29.Rxc7 Bxc7 30.Ra1 Bb6
31.Rc1 Rc8 32.Rxc8+ Qxc8 33.g3 g6 34.e5 Kg7 35.h4 Qe6 36.Kg2 f6 37.exf6+ Qxf6
38.Qe4 h5 39.f4 Kh6 40.Qe8 Bc5 41.Qg8 Bb6 42.Kf3 Bc7 43.Qe8 Bb6 44.Kg2 Bc7
45.Kh3 Bd6 46.Qc8 Bb4 47.Qd7 Bd6 48.Qxa7 Qe6+ 49.Kh2 Bxf4 50.Qxd4 Be5 51.Qe3+ Kg7
52.Kg2 Qd5+ 53.Kh2 Qd4 54.Qg5 Qf2+ 55.Kh3 Qf6 56.b6 Qe6+ 57.Kh2 Qa2+ 58.Kh3 Qe6+
59.Kh2 Qa2+ 60.Kh3 Qe6+  1/2-1/2

[Event "Novi Sad ol (Men)"]
[Site "Novi Sad"]
[Date "1990.??.??"]
[Round "7"]
[White "Boensch, Uwe"]
[Black "Huebner, Robert"]
[Result "1/2-1/2"]
[WhiteElo "2510"]
[BlackElo "2585"]

1.d4 Nf6 2.c4 e6 3.Nf3 b6 4.a3 Bb7 5.Nc3 d5 6.Bg5 Be7 7.Qa4+ c6 8.cxd5 exd5
9.e3 O-O 10.Bxf6 Bxf6 11.Be2 c5 12.O-O c4 13.Nd2 Bc6 14.Qc2 b5 15.Bf3 Na6
16.b3 Qd7 17.Rfb1 Nc7 18.Na2 Rab8 19.a4 a6 20.Nb4 Ba8 21.axb5 axb5 22.Ra7 Qd6
23.Rba1 Qxb4 24.Rxc7 Rbc8 25.Rxc8 Rxc8 26.bxc4 bxc4 27.g3 g6 28.Kg2 Bd8 29.Rxa8 Rxa8
30.Bxd5 Rc8 31.Nxc4 Kg7 32.Qa2 Bf6 33.Nd2 Rd8 34.Bf3 Rb8 35.Ne4 Be7 36.h4 Qb3
37.Qa5 Qe6 38.Qc3 Qc8 39.Qa5 Qe6 40.Qa1 Qb6 41.Nc3 Bd8 42.Nd5 Qa5 43.Qxa5  1/2-1/2

[Event "Novi Sad ol (Men)"]
[Site "Novi Sad"]
[Date "1990.??.??"]
[Round "9"]
[White "Cramling, Pia"]
[Black "Prasad, Devaki V"]
[Result "1-0"]
[WhiteElo "2505"]
[BlackElo "2425"]

1.d4 Nf6 2.c4 e6 3.Nf3 b6 4.a3 Bb7 5.Nc3 d5 6.cxd5 Nxd5 7.Qc2 Nxc3 8.Qxc3 a5
9.Qc2 Be7 10.Bf4 Bd6 11.Bg3 O-O 12.e3 h6 13.Bd3 Na6 14.Rd1 Qe7 15.Bh7+ Kh8
16.Be4 Bxe4 17.Qxe4 c5 18.Bxd6 Qxd6 19.Ne5 Rad8 20.Qb7 cxd4 21.exd4 Qd5 22.Qxa6 Qxg2
23.Rf1 Qe4+ 24.Qe2 Rxd4 25.Rxd4 Qxd4 26.Rg1 Rc8 27.Nd3 Rd8 28.Rg3 Rd5 29.Qe3 Qc4
30.Qf4 Qxf4 31.Nxf4 Rb5 32.Nd3 Kg8 33.Re3 Rd5 34.Ke2 Kf8 35.Re5 Ke7 36.Rxd5 exd5
37.Ke3 Kd6 38.Kd4 g5 39.Ne5 Ke6 40.Ng4  1-0

[Event "URS-chT"]
[Site "Podolsk"]
[Date "1990.??.??"]
[Round "?"]
[White "Krasenkow, Michal"]
[Black "Anastasian, Ashot"]
[Result "1/2-1/2"]
[WhiteElo "2545"]
[BlackElo "2490"]

1.d4 Nf6 2.c4 e6 3.Nf3 b6 4.a3 Bb7 5.Nc3 d5 6.cxd5 Nxd5 7.e3 Be7 8.Bb5+ c6
9.Bd3 O-O 10.e4 Nxc3 11.bxc3 c5 12.O-O Nd7 13.Qe2 Rc8 14.Bb2 Qc7 15.Rad1 Rfd8
16.Nd2 Bg5 17.e5 Bxd2 18.Rxd2 Nf8 19.f4 cxd4 20.cxd4 Bd5 21.f5 exf5 22.Rxf5 Ne6
23.Qg4 Qd7 24.h4 b5 25.Rdf2 Nf8 26.Qg3 a6 27.h5 Rc6 28.R2f4 g6 29.Rf6 Re8
30.hxg6 fxg6 31.a4 bxa4 32.Ba3 Rxf6 33.exf6 Bf7 34.Qg5 Re1+ 35.Kf2 Ne6 36.Qh6 Rh1
37.Qxh1 Nxf4 38.Ke3 Nd5+ 39.Kd2 Nxf6 40.Qh4 Nd5 41.Be4 Kg7 42.Bxd5 Qxd5 43.Qg3 Qxd4+
44.Kc1 Qc4+ 45.Kd2 Qd5+ 46.Kc1 g5 47.Qd6 Qc4+ 48.Kd2 Qa2+ 49.Kc1 Be6 50.Qc7+ Bf7
51.Qc3+ Kh6 52.Bf8+ Kg6 53.Qd3+ Kf6 54.Qd4+ Kg6 55.Qe4+ Kf6  1/2-1/2

[Event "Pula op"]
[Site "Pula"]
[Date "1990.??.??"]
[Round "3"]
[White "Dobrev, Nanko"]
[Black "Mihajlovic, Miodrag"]
[Result "1/2-1/2"]
[WhiteElo "2275"]
[BlackElo "2235"]

1.d4 Nf6 2.Nf3 e6 3.c4 b6 4.a3 c5 5.d5 exd5 6.cxd5 g6 7.Nc3 Bg7 8.e4 d6 9.Be2 O-O
10.O-O Re8 11.Qc2 a6 12.a4 Bg4 13.Bf4 Nh5 14.Be3 Nd7 15.h3 Bxf3 16.Bxf3 Nhf6
17.Rae1 c4 18.Be2 Qc7 19.Kh1 Rab8 20.b3 cxb3 21.Qxb3 Nc5 22.Bxc5 bxc5 23.Qc4 Qa5
24.Rb1 Nd7 25.Rxb8 Rxb8 26.Nd1 Nb6 27.Qxa6 Qxa6 28.Bxa6 Nxa4 29.Ne3 Rb6 30.Be2 Rb2
31.Bd3 Nb6 32.Nc4 Nxc4 33.Bxc4 Rc2 34.Bd3 Rc3 35.Rd1 g5 36.Kg1 c4 37.Bb1 Be5
38.g3 Kg7 39.Kf1 h5 40.Kg2 h4 41.gxh4 gxh4 42.Rd2 Rc1 43.Bc2 Kf6 44.Ba4 Ra1
45.Bb5 c3 46.Rc2 Kg5 47.Kf3 Rb1 48.Bd3 Rh1 49.Kg2 Rd1 50.Be2 Ra1 51.Kf3 Bd4
52.Bb5 Rh1 53.Kg2 Re1 54.Kf3 Kf6 55.Kf4 Rg1 56.Kf3 Ke5 57.Bd3 Rg6 58.Ra2 Rf6+
59.Kg2 Bc5 60.Re2 Rf4 61.Bb1 Rf6 62.Bc2 Kd4 63.Re3 Kc4 64.Rf3 Rg6+ 65.Kf1 Rg7
66.Rf4 Kb4 67.e5+ Ka3 68.Rc4 Kb2 69.Be4 Rg8 70.Ke2 Re8 71.Kd3 Rxe5 72.Rxc3 f5
73.Bf3 Re1 74.Rxc5 dxc5 75.Kc4 Rc1+ 76.Kb5 c4 77.d6 c3 78.d7 c2 79.d8=Q Rb1
80.Qd4+ Ka3+ 81.Ka5 c1=Q 82.Qa4+ Kb2 83.Qb4+ Kc2 84.Qc4+ Kb2 85.Qb4+ Kc2
86.Qc5+  1/2-1/2

[Event "Sankt Augustin"]
[Site "Sankt Augustin"]
[Date "1990.??.??"]
[Round "8"]
[White "Meyer, Peter"]
[Black "Von Gleich, Alexander"]
[Result "1/2-1/2"]
[WhiteElo "2330"]
[BlackElo "2280"]

1.d4 Nf6 2.Nf3 e6 3.c4 b6 4.a3 Bb7 5.Nc3 d5 6.cxd5 Nxd5 7.e3 Be7 8.Bb5+ c6
9.Bd3 O-O 10.O-O Nxc3 11.bxc3 c5 12.Bb2 Nc6 13.Qe2 cxd4 14.cxd4 Bf6 15.Rad1 Rc8
16.Rfe1 g6  1/2-1/2

[Event "Wch U18"]
[Site "Singapore"]
[Date "1990.??.??"]
[Round "?"]
[White "Jones, Lee"]
[Black "Koch, Jean Rene"]
[Result "0-1"]
[WhiteElo "2210"]
[BlackElo "2425"]

1.d4 Nf6 2.c4 e6 3.Nf3 b6 4.a3 Ba6 5.Qc2 c5 6.e4 cxd4 7.Nxd4 Bb7 8.Nc3 d6
9.Bg5 Nbd7 10.Rd1 a6 11.Be2 Be7 12.O-O O-O 13.f4 Qc7 14.Kh1 Rfe8 15.Bh4 Rac8
16.Bg3 e5 17.Nf5 Bf8 18.fxe5 Nxe5 19.Rd4 Re6 20.Nd5 Nxd5 21.exd5 Ree8 22.Qd2 Rb8
23.Qg5 Ng6 24.Bd3 Qd8 25.Qh5 Be7 26.Bxd6 Bxd6 27.Rh4 h6 28.Nxh6+ gxh6 29.Bxg6 Qf6
30.Bxf7+ Kh7 31.Bg6+ Qxg6 32.Rf7+ Kh8 33.Qxh6+ Qxh6 34.Rxh6+ Kg8 35.Rf1 Rbd8
36.g4 Rd7 37.Rff6 Bc7 38.g5 Re4 39.b3 b5 40.g6 bxc4 41.Rh7 Bxd5  0-1

[Event "Rilton Cup"]
[Site "Stockholm"]
[Date "1990.??.??"]
[Round "6"]
[White "Khenkin, Igor"]
[Black "Rozentalis, Eduardas"]
[Result "1/2-1/2"]
[WhiteElo "2455"]
[BlackElo "2565"]

1.d4 Nf6 2.c4 e6 3.Nf3 b6 4.a3 d5 5.cxd5 exd5 6.Nc3 Bb7 7.Qa4+ c6 8.g3 Bd6
9.Bg2 Nbd7 10.O-O O-O 11.Bf4 Qe7 12.Bxd6 Qxd6 13.Rfd1 Rfe8 14.e3 a5 15.Rac1 Ba6
16.Qb3 Rab8 17.Nd2 Ng4 18.e4 Qf6 19.Bf3 Nxf2 20.Kxf2 Qxd4+ 21.Kg2 Nc5 22.Qc2 Bd3
23.Nb3 Bxc2 24.Nxd4 Bxd1 25.Rxd1 dxe4 26.Bg4 Rbd8 27.b4 axb4 28.axb4 Nd3
29.Nxc6 Rd6 30.b5 g6 31.Be2 f5 32.Kf1 g5 33.Na4 f4  1/2-1/2

[Event "Tastrup"]
[Site "Tastrup"]
[Date "1990.??.??"]
[Round "1"]
[White "Farago, Ivan"]
[Black "Brynell, Stellan"]
[Result "1/2-1/2"]
[WhiteElo "2475"]
[BlackElo "2430"]

1.d4 Nf6 2.c4 e6 3.Nf3 b6 4.a3 Bb7 5.Nc3 g6 6.Qc2 Bxf3 7.gxf3 Nc6 8.d5 Nd4
9.Qd1 c5 10.dxc6 dxc6 11.Bg5 h6 12.Bh4 Bg7 13.Qa4 g5 14.Bg3 Nd7 15.Bg2 Nc5
16.Qd1 Ndb3 17.Rb1 Qxd1+ 18.Nxd1 O-O 19.f4 Rad8 20.fxg5 hxg5 21.h4 g4 22.Bf4 Rd4
23.Be3 Rxc4 24.Bxc6 Nd3+ 25.exd3 Rxc6 26.f3 gxf3 27.Rg1 Kh7 28.Rg3 f5 29.Rxf3 Nd4
30.Bxd4 Bxd4 31.Kd2 Rg8 32.Ne3 b5 33.Rf4 Be5 34.Rff1 Rg3 35.Rf2 Bd4 36.Re2 Kh6
37.Nc2 Bf6 38.Rbe1 Bxb2 39.Rxe6+ Rxe6 40.Rxe6+ Kh5 41.Ra6 f4 42.Rxa7 Rg2+
43.Kd1 Kxh4 44.d4 Bc3 45.Rh7+ Kg3 46.Rg7+ Kf2 47.Rxg2+ Kxg2 48.d5 f3 49.d6 Ba5
50.Ne3+ Kf2 51.Nf5 Kg1 52.d7 Bc7 53.Nh4 f2 54.Nf3+ Kg2 55.Nd2 Bd8 56.Ke2 Be7
57.Nf1 Bf6 58.Ne3+ Kg1 59.Kd3 Bg5 60.Ke4 Bd8  1/2-1/2

[Event "Tastrup"]
[Site "Tastrup"]
[Date "1990.??.??"]
[Round "3"]
[White "Schandorff, Lars"]
[Black "Farago, Ivan"]
[Result "1-0"]
[WhiteElo "2445"]
[BlackElo "2475"]

1.d4 e6 2.c4 Nf6 3.Nf3 b6 4.a3 Ba6 5.Qc2 Bb7 6.Nc3 c5 7.e4 cxd4 8.Nxd4 Bc5
9.Nb3 Nc6 10.Bg5 Nd4 11.Nxd4 Bxd4 12.Bd3 Qb8 13.Ne2 h6 14.Bd2 Bc5 15.b4 Be7
16.f4 d6 17.O-O O-O 18.f5 d5 19.cxd5 exd5 20.exd5 Rc8 21.Qd1 Qe5 22.Nf4 Nxd5
23.Qe2 Qd4+ 24.Kh1 Bf6 25.Rae1 Re8 26.Qxe8+ Kh7 27.Qxf7 Nxf4 28.Qxb7 Nxd3
29.Qxa8 Qh4 30.Re8  1-0

[Event "Val Maubuee op2"]
[Site "Val Maubuee"]
[Date "1990.??.??"]
[Round "?"]
[White "Andruet, Gilles"]
[Black "Renaze, Luc"]
[Result "1-0"]
[WhiteElo "2355"]
[BlackElo "2245"]

1.d4 Nf6 2.c4 e6 3.Nf3 b6 4.a3 Bb7 5.Nc3 d5 6.Bg5 Be7 7.Bxf6 Bxf6 8.cxd5 exd5
9.Qb3 O-O 10.Rd1 Re8 11.e3 c6 12.Bd3 Ba6 13.O-O Bxd3 14.Rxd3 Nd7 15.Rc1 Qb8
16.Rd2 Qb7 17.Rdc2 Rac8 18.Ne2 Be7 19.Nf4 Bd6 20.Nd3 Rc7 21.Nb4 Rec8 22.Qd3 Bxb4
23.axb4 c5 24.bxc5 bxc5 25.dxc5 Rxc5 26.h3 Rxc2 27.Rxc2 Rxc2 28.Qxc2 h6 29.Nd4 Nf6
30.b4 Qxb4 31.Kf1 Qb8  1-0

[Event "Altensteig"]
[Site "Altensteig"]
[Date "1991.??.??"]
[Round "11"]
[White "Lutz, Christopher"]
[Black "Schlosser, Philipp"]
[Result "1-0"]
[WhiteElo "2545"]
[BlackElo "2485"]

1.d4 Nf6 2.c4 e6 3.Nf3 b6 4.a3 c5 5.d5 exd5 6.cxd5 g6 7.e4 d6 8.Bb5+ Bd7
9.Bd3 Bg4 10.O-O Bg7 11.h3 Bxf3 12.Qxf3 O-O 13.Nc3 a6 14.Bf4 b5 15.Rfe1 Qb6
16.e5 dxe5 17.Bxe5 Nbd7 18.Bh2 Qb7 19.Re7 Rfd8 20.Be4 Rf8 21.d6 Nxe4 22.Nxe4 Rab8
23.Rd1 c4 24.Bf4 Qc8 25.Bd2 Bxb2 26.Bh6 Ne5 27.Rxe5 Bxe5 28.Nf6+ Kh8 29.Bxf8 c3
30.Ng4 c2 31.Rc1 Bb2 32.Be7 f5 33.Bf6+ Bxf6 34.Nxf6 b4 35.axb4 Rxb4 36.d7 Qc7
37.Qc3  1-0

[Event "Augsburg"]
[Site "Augsburg"]
[Date "1991.??.??"]
[Round "1"]
[White "Klebel, Martin"]
[Black "Andresen, Steffen"]
[Result "0-1"]
[WhiteElo "2435"]
[BlackElo "2295"]

1.d4 Nf6 2.c4 e6 3.Nf3 b6 4.a3 Bb7 5.Nc3 d5 6.cxd5 Nxd5 7.e3 g6 8.h4 Nd7
9.h5 Bg7 10.h6 Bf6 11.Ne4 Be7 12.Ng3 O-O 13.Bb5 c6 14.Ba4 b5 15.Bc2 c5 16.O-O Rc8
17.Qe2 a6 18.e4 N5b6 19.Rd1 cxd4 20.Nxd4 Qc7 21.Bb3 Nc5 22.Be3 Nxb3 23.Nxb3 Nc4
24.Rac1 Bf6 25.f4 e5 26.f5 Qe7 27.Bf2 Bg5 28.Rc3 Bxh6 29.f6 Qxf6 30.Nc5 Bc6
31.Rf3 Qe7 32.Rfd3 Rfd8 33.Nxa6 Rxd3 34.Rxd3 Qg5 35.Nb4 Qc1+ 36.Nf1 Nxb2
37.Rd6 Be8 38.Nd5 Bg5 39.Qg4 h5 40.Qg3 Nc4 41.Nf6+ Bxf6 42.Rxf6 Qb1 43.Qh3 Rd8
44.Bh4 Qxe4 45.Rf2 Ra8 46.Be7 f5 47.Qg3 Qg4 48.Qd3 Qd4 49.Qg3 e4 50.Qh4 Ra6  0-1

[Event "Augsburg"]
[Site "Augsburg"]
[Date "1991.??.??"]
[Round "8"]
[White "Dankert, Peter"]
[Black "Andresen, Steffen"]
[Result "0-1"]
[WhiteElo "2230"]
[BlackElo "2295"]

1.d4 Nf6 2.Nf3 e6 3.c4 b6 4.a3 Bb7 5.Nc3 d5 6.cxd5 Nxd5 7.Qa4+ c6 8.e4 Nxc3
9.bxc3 Nd7 10.Bd3 Nc5 11.Qd1 Nxd3+ 12.Qxd3 Be7 13.O-O O-O 14.Bb2 c5 15.Rad1 Qc7
16.Rfe1 Rfd8 17.Qe3 Bf6 18.h3 h6 19.g4 Qe7 20.Kh2 Rac8 21.Rd2 cxd4 22.cxd4 Rc4
23.Kg3 Qc7+ 24.Kg2 Qe7 25.Kg3 g5 26.Ng1 Bxd4 27.Bxd4 Qd6+ 28.e5 Qd5 29.Qf3 Qxf3+
30.Nxf3 Bxf3 31.Be3 Bd5 32.Red1 Kg7 33.Rd4 Rc3 34.R1d3 Rc2 35.h4 Kg6 36.Bd2 Rdc8
37.f4 gxh4+ 38.Kxh4 R8c4 39.f5+ Kg7 40.Kh5 Rxd4 41.Rxd4 Kh7 42.Kh4 Ra2 43.g5 Rxa3
44.gxh6 Rf3 45.f6 Rf2 46.Bf4 b5 47.Kg4 Re2 48.Rd2 Re1 49.Rc2 Rg1+ 50.Kh3 Rh1+
51.Kg4 Rg1+ 52.Bg3 Bc4 53.Rd2 Kxh6 54.Rd7 Kg6 55.Rxa7 Rf1 56.Kh3 Bd3 57.Kg2 Rd1
58.Kf2 Be4 59.Ke2 Rd3 60.Be1 Rb3 61.Rd7 Rb1 62.Bd2 Rb3 63.Ba5 Bd5 64.Kd2 Rh3
65.Bb4 Rh4 66.Bd6 b4 67.Rd8 b3 68.Rb8 Rh2+ 69.Kc3 Kf5 70.Rb4 Re2 71.Rd4 Rxe5
72.Bxe5 Kxe5 73.Rb4 Kxf6 74.Kd4 Kf5 75.Rb8 Kf4 76.Rf8 f5 77.Rb8 Kf3 78.Rf8 Ke2
79.Rh8 f4 80.Rh2+ Kf3 81.Rb2 Kg3 82.Rd2 f3 83.Ke3 Kg4 84.Rh2 Kf5 85.Rh5+ Kf6
86.Rh4 Ke5 87.Rb4 Kd6 88.Rb8 Kc5  0-1

[Event "AUT-ch"]
[Site "?"]
[Date "1991.??.??"]
[Round "?"]
[White "Kummer, Helmut"]
[Black "Lendwai, Reinhard"]
[Result "1/2-1/2"]
[WhiteElo "2275"]
[BlackElo "2405"]

1.d4 Nf6 2.c4 e6 3.Nf3 b6 4.a3 Bb7 5.Nc3 g6 6.d5 Bg7 7.e4 exd5 8.exd5 O-O
9.Be2 a5 10.Bg5 h6 11.Bh4 Na6 12.O-O Re8 13.Bd3 d6 14.Bc2 Nc5 15.b4 Ncd7
16.Rb1 Re7 17.Re1 Ba6 18.Bd3 g5 19.Bg3 Ng4 20.Qc2 Rxe1+ 21.Rxe1 Nge5 22.Nxe5 Nxe5
23.Bxe5 Bxe5 24.Ne4 axb4 25.axb4 Bc8 26.Ng3 Qf6 27.c5 bxc5 28.bxc5 dxc5 29.Qxc5 Bd7
30.Nh5 Qd6 31.Qe3 Ra1 32.Rxa1 Bxa1 33.Qa7 Qe5 34.Qa8+ Be8 35.Kf1 Bc3 36.g3 Kf8
37.Bb5 f5 38.Nf6 Qxf6 39.Qxe8+ Kg7 40.Qd7+ Qf7 41.Qc6 Be5 42.Bd3 f4 43.g4  1/2-1/2

[Event "Bad Lauterberg"]
[Site "Bad Lauterberg"]
[Date "1991.??.??"]
[Round "?"]
[White "Romanishin, Oleg M"]
[Black "Dautov, Rustem"]
[Result "1/2-1/2"]
[WhiteElo "2600"]
[BlackElo "2595"]

1.d4 Nf6 2.Nf3 e6 3.c4 b6 4.a3 Bb7 5.Nc3 d5 6.Bg5 Be7 7.Qa4+ c6 8.cxd5 Nxd5
9.Nxd5 Bxg5 10.Nc3 O-O 11.Rd1 Bf6 12.e4 Qc7 13.Be2 Nd7 14.e5 Be7 15.O-O Rfd8
16.Rfe1 Nf8 17.Rc1 c5 18.dxc5 bxc5 19.Qf4 Ng6 20.Qe3 Rac8 21.Bd3 Bxf3 22.Bxg6 Bxg2
23.Bxf7+ Kxf7 24.Kxg2 Qb7+ 25.Ne4 Kg8 26.Qh3 Qd5 27.Rcd1 Qxe5 28.Ng3 Qf6
29.Rxe6 Qf7 30.Rde1 Bf8 31.Ne4 h6 32.Qg4 Kh8 33.Re3 Re8 34.Rf3 Qb7 35.Qg6 Qd7
36.Rxe8 Rxe8 37.b3 Rb8 38.a4 Qd5 39.h4 c4 40.bxc4 Qxc4 41.Nd6  1/2-1/2

[Event "Baden-Baden op"]
[Site "Baden-Baden"]
[Date "1991.??.??"]
[Round "7"]
[White "Barlov, Dragan"]
[Black "Sturua, Zurab"]
[Result "0-1"]
[WhiteElo "2475"]
[BlackElo "2510"]

1.d4 Nf6 2.c4 e6 3.Nf3 b6 4.a3 Ba6 5.Qb3 Be7 6.Nc3 d5 7.cxd5 exd5 8.Bg5 c6
9.Bxf6 Bxf6 10.e4 Bxf1 11.Rxf1 dxe4 12.Nxe4 O-O 13.O-O-O Nd7 14.Kb1 Qc7 15.Rfe1 Rad8
16.Qc2 Rc8 17.h4 Be7 18.Neg5 Bxg5 19.hxg5 Rfe8 20.Qf5 Nf8 21.Ne5 Rcd8 22.Rh1 c5
23.f4 Rxd4 24.Rxd4 cxd4 25.Qd3 Qb7 26.Rc1 Qd5 27.Qf3 Qxf3 28.Nxf3 g6 29.Nxd4 Re4
30.Nc6 Rxf4 31.Nxa7 Rg4 32.Rc6 Rxg5 33.Rxb6 Rxg2 34.Nc6 h5 35.a4 h4 36.Rb3 Rg3
37.Rxg3 hxg3 38.Nd4 Ne6 39.Ne2 g2 40.a5 f5 41.a6 Nc7 42.a7 f4  0-1

[Event "JUG-ch"]
[Site "Banja Vrucica"]
[Date "1991.??.??"]
[Round "?"]
[White "Ostojic, Nikola"]
[Black "Abramovic, Bosko"]
[Result "0-1"]
[WhiteElo "2350"]
[BlackElo "2520"]

1.d4 Nf6 2.c4 e6 3.Nf3 b6 4.a3 d5 5.Nc3 Be7 6.cxd5 exd5 7.Bf4 O-O 8.Rc1 c5
9.e3 Nc6 10.Be2 c4 11.b4 a6 12.O-O b5 13.Ne5 Bb7 14.Bf3 Re8 15.Rb1 h6 16.h3 Ra7
17.Ng4 Nxg4 18.hxg4 Nb8 19.Bxb8 Qxb8 20.Bxd5 Bc8 21.f4 Bd8 22.e4 Qb6 23.Kh1 Qg6
24.f5 Qf6 25.g3 Bb6 26.e5 Qd8 27.Rf4 a5 28.Bf3 Bd7 29.Qc2 axb4 30.axb4 Qb8
31.Re1 Bd8 32.Bd5 Bg5 33.e6 Kh8 34.Rf3 Ra6 35.Qf2 fxe6 36.fxe6 Bc6 37.e7 Bxd5
38.Nxd5 Ra8 39.Rf7 Qd6 40.Qf5 Kg8 41.Rf1 Rab8 42.Kh2 Bxe7 43.Nc7 Bf6 44.Qg6 Re2+
45.Kh3 Rf8 46.R1xf6 Qxf6 47.Rxf6 Rxf6 48.Qh5 Rff2 49.Qd5+ Kh7 50.g5 Rh2+
51.Kg4 h5+ 52.Kf4 Rhf2+ 53.Qf3 c3  0-1

[Event "JUG-ch"]
[Site "Banja Vrucica"]
[Date "1991.??.??"]
[Round "?"]
[White "Ostojic, Nikola"]
[Black "Maksimovic, Branimir"]
[Result "1-0"]
[WhiteElo "2350"]
[BlackElo "2380"]

1.d4 Nf6 2.c4 e6 3.Nf3 b6 4.a3 Bb7 5.Nc3 g6 6.Bg5 Bg7 7.Qc2 h6 8.Bh4 d6 9.Rd1 O-O
10.d5 e5 11.Bxf6 Qxf6 12.e4 Qe7 13.Be2 Nd7 14.O-O f5 15.b4 Nf6 16.Nh4 Nxd5
17.Nxg6 Qg5 18.Nxd5 Bxd5 19.cxd5 Qxg6 20.exf5 Qxf5 21.Bd3 Qd7 22.g3 a5 23.Qe2 axb4
24.axb4 Ra3 25.Qe4 Rf6 26.Ra1 Qa4 27.Qh7+ Kf8 28.Rxa3 Qxa3 29.Bf5 Qa2 30.Be6 Rxe6
31.dxe6 Qxe6 32.Rc1 Qf7 33.b5 Ke8 34.Qc2 Kd8 35.Qc6 Qd7 36.Qa8+ Qc8 37.Qd5 Ke7
38.Qc6 Kd8 39.Ra1 Qd7 40.Ra8+ Ke7 41.Ra7 Kd8 42.Qa8+ Qc8 43.Qd5 Qf5 44.Qc4  1-0

[Event "Barcelona Vulca"]
[Site "Barcelona"]
[Date "1991.??.??"]
[Round "7"]
[White "Cramling, Pia"]
[Black "Vehi Bach, Victor Manuel"]
[Result "1/2-1/2"]
[WhiteElo "2470"]
[BlackElo "2420"]

1.d4 Nf6 2.Nf3 e6 3.c4 b6 4.a3 Ba6 5.Qc2 Bb7 6.Nc3 c5 7.e4 cxd4 8.Nxd4 Bc5
9.Nb3 Nc6 10.Bg5 h6 11.Bh4 Nd4 12.Nxd4 Bxd4 13.Bd3 Qb8 14.Bg3 Be5 15.O-O-O O-O
16.Kb1 a6 17.Rhe1 Rc8 18.Qd2 b5 19.Bxe5 Qxe5 20.f4 Qb8 21.e5 bxc4 22.exf6 cxd3
23.fxg7 Kxg7 24.f5 exf5 25.Qxd3 Qf4 26.Rf1 Qg4 27.Rxf5 Qg6 28.Rdf1 Rf8 29.Ka1 Bc6
30.h4 Rae8 31.Qd4+ f6 32.g4 Re6 33.R5f4 Rfe8 34.g5 hxg5 35.hxg5 Re1+ 36.Rxe1 Rxe1+
37.Ka2 Qf7+ 38.b3 Re6 39.a4 Qe7 40.Rf2 Qd6 41.Qh4 fxg5 42.Qxg5+ Rg6 43.Qf5 Qf6  1/2-1/2

[Event "Belgorod"]
[Site "Belgorod"]
[Date "1991.??.??"]
[Round "?"]
[White "Wegner, Hannu"]
[Black "Kiselev, Sergey"]
[Result "0-1"]
[WhiteElo "2435"]
[BlackElo "2475"]

1.d4 Nf6 2.c4 e6 3.Nf3 b6 4.a3 Ba6 5.Qc2 Bb7 6.Nc3 c5 7.e4 cxd4 8.Nxd4 d6
9.Be2 Be7 10.O-O Nbd7 11.Rd1 O-O 12.Be3 a6 13.f3 Qc7 14.Rac1 Rac8 15.b4 Qb8
16.Qa2 Bd8 17.Kh1 Bc7 18.Bg1 Kh8 19.Nb3 Rg8 20.a4 Ne5 21.a5 bxa5 22.Nxa5 Bxa5
23.bxa5 Nfd7 24.Na4 Rc6 25.c5 Rgc8 26.Qa3 Nxc5 27.Nxc5 dxc5 28.Rxc5 h6 29.Rxc6 Rxc6
30.Bb6 Kh7 31.h3 Ng6 32.Rd7 Qg3 33.Qe3 Rc2 34.Rxb7 Nf4 35.Bf1 Rxg2  0-1

[Event "Biel"]
[Site "Biel"]
[Date "1991.??.??"]
[Round "14"]
[White "Christiansen, Larry Mark"]
[Black "Lautier, Joel"]
[Result "0-1"]
[WhiteElo "2600"]
[BlackElo "2560"]

1.d4 Nf6 2.c4 e6 3.Nf3 b6 4.a3 Bb7 5.Nc3 d5 6.cxd5 Nxd5 7.Bd2 Nd7 8.Nxd5 exd5
9.g3 Bd6 10.Bg2 O-O 11.O-O a5 12.Rc1 Re8 13.Bf4 Nf8 14.Bxd6 Qxd6 15.Qc2 Re7
16.Rfd1 Ne6 17.e3 c5 18.Qf5 c4 19.a4 Rd8 20.Qc2 Rc7 21.Nd2 Qb4 22.Nb1 b5
23.axb5 Qxb5 24.Nc3 Qb6 25.Ra1 Bc6 26.Ra3 Ra7 27.b3 cxb3 28.Rxb3 Qc7 29.Qa2 a4
30.Rb4 Rb7 31.Rxb7 Qxb7 32.Rb1 Qa8 33.h4 Qa5 34.Qa3 h6 35.Bf1 Nc7 36.Na2 Ra8
37.Nc3 h5 38.Rc1 Be8 39.Rb1 g6 40.Bg2 Rc8 41.Bh3 Ra8 42.Na2 Bb5 43.Bg2 Bc4
44.Nc3 Bb3 45.Rc1 Na6 46.Nb1 Rb8 47.Qd6 Bc4 48.Na3 Qd2 49.Rc2 Qb4 50.Nxc4 dxc4
51.Qxb4 Rxb4 52.Rc3 Rb3 53.Rxc4 a3 54.Bd5 a2 55.Rc8+ Kg7 56.Bxb3 a1=Q+ 57.Kg2 Qb1
58.Bd5 Qf5 59.Rd8 Nb4 60.e4 Qf6 61.Rd7 Qxd4 62.Rxf7+ Kh6 63.Rf8 Nd3 64.Rf7 Nc1
65.Rc7 Nd3 66.Rf7 Qa1 67.Rf8 Nc1 68.Ra8 Qd4 69.Rc8 Ne2 70.Rc7 Qa1 71.Bg8 g5
72.hxg5+ Kxg5 73.Bc4 Qg1+ 74.Kf3 Nd4+ 75.Ke3 Nc2+ 76.Kf3 Qh1+ 77.Ke2 Qe1+
78.Kd3 Nb4+  0-1

[Event "CSR-ch"]
[Site "Bratislava"]
[Date "1991.??.??"]
[Round "9"]
[White "Zamecnik, Frantisek"]
[Black "Prandstetter, Eduard"]
[Result "0-1"]
[WhiteElo "2270"]
[BlackElo "2430"]

1.d4 Nf6 2.Nf3 e6 3.c4 b6 4.a3 Bb7 5.Nc3 d5 6.cxd5 exd5 7.g3 Be7 8.Bg2 O-O
9.O-O c5 10.Bf4 Na6 11.Rc1 Nc7 12.dxc5 bxc5 13.Bxc7 Qxc7 14.Qc2 Rac8 15.Rfd1 d4
16.Nb1 Bd5 17.Qa4 Qb6 18.Nbd2 Qxb2 19.Nxd4 cxd4 20.Rxc8 Rxc8 21.Ne4 Qxe2
22.Qxd4 Nxe4 23.Bxe4 Bc5 24.Qd3 Qxf2+ 25.Kh1 g6 26.Rf1 Qd4 27.Qf3 f5 28.Bxd5+ Kg7
29.Rd1 Qe5 30.Rc1 h5 31.Kg2 Qb2+  0-1

[Event "CSR-ch"]
[Site "Bratislava"]
[Date "1991.??.??"]
[Round "11"]
[White "Orsag, Milan"]
[Black "Belik, Dalibor"]
[Result "1-0"]
[WhiteElo "2380"]
[BlackElo "2285"]

1.d4 Nf6 2.c4 e6 3.Nf3 b6 4.a3 Bb7 5.Nc3 Be7 6.d5 d6 7.g3 exd5 8.cxd5 c5
9.Bg2 O-O 10.O-O Na6 11.e4 Nc7 12.Re1 Re8 13.h3 Bf8 14.Bg5 h6 15.Bd2 g6 16.Nh2 b5
17.Ng4 Kh7 18.Nxf6+ Qxf6 19.Ne2 Bg7 20.Bc3 Qd8 21.Bxg7 Kxg7 22.b4 c4 23.h4 h5
24.Nd4 Qf6 25.Qd2 Rac8 26.Qc3 Re7 27.Re3 Rce8 28.Rae1 a6 29.f4 Kh7 30.Kf2 Qh8
31.Bf3 Na8 32.g4 Qf6 33.Kg3 hxg4 34.Bxg4 Nb6 35.R3e2 Bxd5 36.Nxb5 Qxc3+ 37.Nxc3 Bc6
38.h5 gxh5 39.Rh1 Rg8 40.Rxh5+ Kg7 41.Rg5+ Kf8 42.Rxg8+ Kxg8 43.Rd2 Bxe4
44.Nxe4 Rxe4 45.Rxd6 Na4 46.Kf3 Nc3 47.Bc8 f5 48.Bxf5 Re1 49.Be6+ Rxe6 50.Rxe6 Nb5
51.Rxa6 c3 52.Ke3  1-0